000 00588nam a2200229Ia 4500
003 OSt
005 20220918204931.0
006 a|||||r|||| 00| 0
007 ta
008 220917b |||||||| |||| 00| 0 eng d
024 _a114,814
037 _cTextual
040 _aARTS
_cARTS
_beng
041 _2eng
_aeng
082 _aV595:41wL46, H3
100 _aHaiman Miecislaus
_9113688
245 0 _aKosciusko in the American revolution
260 _c1943
650 _aHISTORY
942 _hV595:41wL46, H3
_cTEXL
_2CC
999 _c238144
_d238144